000 00420nam a22001697a 4500
005 20180706171251.0
008 160525b xxu||||| |||| 00| 0 eng d
020 _a81-203-2016-6
041 _aeng
082 _b4807
_a658.15
100 _aHorne, James C. VAN & Other
_94463
245 _aFinancial Management
260 _aNew Delhi
_bAcademic Faundation
300 _a699
650 _aManagement
_9241
942 _cBK
999 _c1639
_d1638